000 00680nam a2200253Ia 4500
003 OSt
005 20220912151226.0
006 a|||||r|||| 00| 0
007 ta
008 220909b |||||||| |||| 00| 0 eng d
024 _a22622
037 _cTextual
040 _aCSL
_beng
_cCSL
041 _aeng
082 _aB316-6, K9-;1
100 _aPorteous Ian R
245 0 _aTopological geometry
260 _aLondon
_bVan Nostrand Reinhold
_c1969
300 _avii, 457p.
_ccm.
490 _aNew university mathematics series
500 _aBibliography 435-437p.
_ccm.
942 _hB316-6, K9-;1
_cTEXL
_2CC
999 _c63986
_d63986